The federation of asian bishops conference: (Record no. 193251)

MARC details
000 -LEADER
fixed length control field 00651nam a22001817a 4500
005 - DATE AND TIME OF LATEST TRANSACTION
control field 20221212173401.0
010 ## - LCCN (DPL NO)
LC control number ENG-135483
020 ## - INTERNATIONAL STANDARD BOOK NUMBER
International Standard Book Number 9789390569854
Terms of availability 375.00
035 ## - SYSTEM CONTROL NUMBER
System control number EN-119020
037 ## - SOURCE OF ACQUISITION
Source of stock number/acquisition DBAD/PUB
082 ## - DEWEY DECIMAL CLASSIFICATION NUMBER
Classification number 230.25
100 ## - MAIN ENTRY--PERSONAL NAME
Personal name Tan, Jonathan Y.
245 ## - TITLE STATEMENT
Title The federation of asian bishops conference:
Remainder of title bearing witness to the gospel and the reign of god in asia/
Statement of responsibility, etc by Jonathan Y. Tan
260 ## - PUBLICATION, DISTRIBUTION, ETC. (IMPRINT)
Place of publication, distribution, etc Delhi
Name of publisher, distributor, etc ISPCK
Date of publication, distribution, etc 2021
270 ## - ADDRESS
Address 1585,1654, madarsa road kashmere gate
City Delhi
Postal code 110006
Telephone number 011-23866323
Electronic mail address ashish@ispck.org.in
300 ## - PHYSICAL DESCRIPTION
Extent 212p.
Dimensions 22cm(pbk)
Other physical details reference and index
942 ## - ADDED ENTRY ELEMENTS (KOHA)
Source of classification or shelving scheme Dewey Decimal Classification
Item type English Books
Call number suffix TAN
Classification part 230.25
Holdings
Withdrawn status Lost status Not for loan Collection code Home library Current library Date acquired Source of acquisition Cost, normal purchase price Full call number Barcode Copy number Cost, replacement price Koha item type
      Non-fiction Andrews Gunj Andrews Gunj 18/10/2022 DBAD/PUB 375.00 230.25 TAN EN-119015 1 375.00 English Books

© Delhi Public Library
Hit Counter
free hit counter